000 00637nam a2200205 i 4500
001 149719
003 ES-MaACL
007 t|
008 071024s1974 sp ||||1| spa d
100 1 _aWatson, Robert I.
_9116195
245 1 0 _aPsicología infantil /
_cRobert I. Watson ; versión de Jesús Jiménez Blanco.
250 _a[1ª ed.].
260 _a[Madrid] :
_bAguilar,
_c[1974]
300 _aXV, 604 p. ;
_c24 cm.
490 1 _aPsicología y educación
700 1 _aJiménez Blanco, Jesús.
_966467
830 0 0 _aPsicología y educación
_9180908
852 _aES-MaACL
_jE-7508
_bR.91281
999 _c149719
_d149719